000 00202nam a2200085 4500
001 1234084
005 20250926113215.0
245 _aSAHİBİNİ ARAYAN MEKTUPLAR
_cAHMET GÜNBAY
260 _bTİMAŞ YAYINLARI
999 _c1234084
_d1234084